Fyzikálno-chemické a katalytické vlastnosti Zn-modifikovaných zeolitov

Enregistré dans:
Détails bibliographiques
Auteur principal: Letovancová, Zuzana (Auteur)
Format: Manuscrit Livre
Langue:slovaque
Publié: Bratislava : STU v Bratislave ChtF, 2000
Édition:Obhaj.:6.6.2000
Tags: Ajouter un tag
Pas de tags, Soyez le premier à ajouter un tag!

MARC

LEADER 00000ntm a22000003a 4500
001 stu54039
005 20150617225703.9
008 000609s2000----xo------------------slo-d
040 |a STU  |b slo 
041 0 |a slo 
044 |a xo 
100 1 |a Letovancová, Zuzana  |4 aut 
245 1 |a Fyzikálno-chemické a katalytické vlastnosti Zn-modifikovaných zeolitov 
250 |a Obhaj.:6.6.2000 
260 |a Bratislava :  |b STU v Bratislave ChtF,  |c 2000 
300 |a 69 s. Obr., tab., grafy, lit 
500 |a Špec.:Tech.ropy a petrochémie 
996 |b 284C018524  |c C*D12989  |l CCI  |s A  |a 24  |w stu54039_0001